000 00522nam a2200217Ia 4500
008 181129s9999 xx 000 0 und d
020 _a9780439785099
050 _bJ528 1998
100 _aJenkins, Steve
245 0 _aHottest, coldest, highest, deepest /
245 0 _cby Steve Jenkins.
260 _aNew York, NY :
260 _bScholastic,
260 _c1998
300 _aunpaged :
300 _bcolor illustrations ;
300 _c20cm.
500 _a1000L
650 _aGeography.
700 _aTitle.
999 _c359887
_d359887